Statystyki dla język polski

Kliknij tutaj aby rozwiązać quiz!

Ogólne statystyki

  • Ten quiz został rozwiązany 36 razy
  • Średni wynik to 6 z 22

Statystyki odpowiedzi

HintOdpowiedź% Poprawnych
zwrot do adresataapostrofa
70%
rozbudowana apostrofa otwierająca utwór literacki (zazwyczaj poemat epicki), w której zwykle autor zwraca się do muzy, bóstwa lub duchowego patrona z prośbą o natchnienie, pomoc w tworzeniu dzieła.inwokacja
50%
niesamodzielny wyraz lub morfem, nadający wypowiedzeniom zabarwienie znaczeniowe lub uczuciowe.partykuła
47%
celowe powtórzenie tego samego słowa lub zwrotu na początku kolejnych segmentów wypowiedzi.anafora
40%
forma literacka lub literacko-naukowa, prezentująca punkt widzenia autora. Może poruszać tematykę filozoficzną, społeczną lub artystyczną, być formą krytyki literackiej, manifestu politycznego, filozoficznego lub też dotyczyć innych refleksji autora.esej
40%
wprowadzenie do literatury brzydoty, w celu wywołania szoku u odbiorcy, często przeradza się w kult brzydotyturpizm
40%
sztuka budowania artystycznej, perswazyjnej wypowiedzi, wygłaszanie mów.

retoryka
33%
stały motyw, temat utrwalony w literaturze,element jakiejś kultury, podstawa rozumowania, ogólnie przyjęty sądtopos
33%
ednoznaczny obraz plastyczny lub słowny przedstawiający pojęcie, ideę, myśl lub wydarzenie przy pomocy obrazu o charakterze przenośnym lub symbolicznym, np. poprzez personifikacjęalegoria
27%
wyraz, wyrażenie lub forma składni – stosowane wyłącznie w języku potocznymkolokwializm
27%
potocznie lub żartobliwie masło maślanepleonazm
23%
awiązanie do czegoś, kogoś; przywołanie nie wprost danej sprawy, z reguły łatwe do rozszyfrowania przez odbiorcę wypowiedzialuzja
20%
patologiczny przymus pisania utworów literackich. Określenie o wydźwięku pejoratywnym.
W większości wypadków pojęcie to dotyczy natręctwa pisarskiego występującego u osób, o których sądzi się, że nie mają odpowiedniego talentu.
grafomania
20%
środek ekspresji językowej wzmacniający emocjonalność, obrazowość języka, polegający na stosowaniu ozdobnych zwrotów lub wyrażeń.figura retoryczna
13%
figura stylistyczna; polega na uszeregowaniu słów lub sformułowań według tego, jak się nasila lub słabnie ich intensywnośćgradacja
13%
powtórzenie jednakowych samogłosek w wyrazach zajmujących ustaloną pozycję w obrębie wersu lub zdania. Nazywany rymem niepełnym, wykształcił się w liryce europejskiej przed rymemasonans
10%
chwyt retoryczny w formie pytania, które wymaga od słuchacza jednoznacznej odpowiedzi: tak lub nie. Może ono stawiać oponenta dyskusji w niekorzystnej sytuacji, może też wymuszać na nim deklaracje poglądów, których wcale nie wyznaje. Erotema jest jednym ze sposobów manipulowania odbiorcą.erotema
10%
figura stylistyczna polegająca na użyciu tych samych lub podobnie brzmiących wyrazów celem uzyskania odmiennych znaczeń, nastrojów i funkcji. Bywa stosowana dla osiągnięcia efektów dramatycznych lub żartobliwych.gra słów
10%
niepotrzebny spór o słowa zamiast o istotę problemu

logomachia
10%
zasada twórczego naśladownictwa natury bądź dzieł mistrzów, którym udało się tę naturę odtworzyć.mimmesis
10%
jedna z kategorii estetycznych, polegająca na wzniosłym, monumentalnym i emocjonalnym charakterzepathos
10%
opuszczenie elementu zdania oczywistego ze względu na kontekst wypowiedziwyrzutnia
7%

Rozkład punktacji

Percentyl według liczby udzielonych odpowiedzi

Procent ludzi z każdym wynikiem

Twoja historia wyników

Nie rozwiązałeś tego quizu